|
|
|
|
| LEADER |
00000nam2a2200000 4500 |
| 001 |
343661 |
| 005 |
20231102005601.0 |
| 010 |
|
|
|a 9785996311460
|
| 035 |
|
|
|a (RuTPU)RU\TPU\book\374086
|
| 035 |
|
|
|a RU\TPU\book\265629
|
| 035 |
|
|
|a RU\TPU\book\268513
|
| 090 |
|
|
|a 343661
|
| 100 |
|
|
|a 20131216d2019 m y0rusy50 ca
|
| 101 |
1 |
|
|a rus
|c eng
|
| 102 |
|
|
|a RU
|
| 105 |
|
|
|a a j 001zy
|
| 200 |
0 |
|
|a Т. 2
|
| 210 |
|
|
|d 2019
|
| 215 |
|
|
|a 623 с.
|c ил.
|
| 320 |
|
|
|a Библиография в конце глав
|
| 320 |
|
|
|a Предметный указатель: с. 581-612
|
| 330 |
|
|
|a В учебном издании, написанном ведущими зарубежными учеными, изложены фундаментальные теоретические представления, лежащие в основе функционирования природных биологических систем, содержащих ионы металлов, а также прикладные проблемы в этой области. Бионеорганическая химия занимает междисциплинарную нишу на стыке координационной, неорганической, металлоорганической и медицинской химии, фармакологии и химии окружающей среды. В научном сообществе эта книга признана наиболее полным и фундаментальным на сегодняшний день трудом в этой области.В русском переводе выходит в двух томах. Т. 2 содержит главы XI—XIV, дополнительный материал по основам биологии, биохимии и координационной химии, а также приложение и предметный указатель.Для студентов старших курсов и аспирантов, а также научных работников.
|
| 461 |
|
1 |
|0 (RuTPU)RU\TPU\book\122704
|y 978-5-9963-0534-6
|t Биологическая неорганическая химия. Структура и реакционная способность
|o [учебное пособие]
|o в 2 т.
|o пер. с англ.
|f И. Бертини [и др.]
|g пер. В. В. Авдеевой, Д. В. Севастьянова
|v Т. 2
|d 2019
|s Лучший зарубежный учебник
|
| 606 |
1 |
|
|a Бионеорганическая химия
|2 stltpush
|3 (RuTPU)RU\TPU\subj\28728
|9 52229
|
| 610 |
1 |
|
|a кислород
|
| 610 |
1 |
|
|a метаболизм
|
| 610 |
1 |
|
|a водород
|
| 610 |
1 |
|
|a углерод
|
| 610 |
1 |
|
|a азот
|
| 610 |
1 |
|
|a сера
|
| 610 |
1 |
|
|a металлоферменты
|
| 610 |
1 |
|
|a радикальные интермедиаты
|
| 610 |
1 |
|
|a ионы
|
| 610 |
1 |
|
|a металлы
|
| 610 |
1 |
|
|a рецепторы
|
| 610 |
1 |
|
|a сигналы
|
| 610 |
1 |
|
|a передача
|
| 610 |
1 |
|
|a учебники
|
| 675 |
|
|
|a 577.118(075.8)
|v 3
|
| 801 |
|
1 |
|a RU
|b 63413507
|c 20191014
|
| 801 |
|
2 |
|a RU
|b 63413507
|c 20191118
|g RCR
|
| 942 |
|
|
|c BK
|
| 959 |
|
|
|a 16/20191014
|d 1
|e 917,125
|f ЧЗТЛ:1
|